| 000 | 00444nam a2200181Ia 4500 | ||
|---|---|---|---|
| 001 | 7756 | ||
| 005 | 20260306160518.0 | ||
| 008 | 260306t1999||||xx |||||||||||||| ||spa|| | ||
| 041 | _aESP | ||
| 082 |
_a361.37 _bL88 |
||
| 100 |
_aLópez Quintás, Alfonso _eAUT |
||
| 245 | 0 | _aManual de formación ética del voluntariado | |
| 260 | _c1999 | ||
| 300 |
_a182 páginas : _c21 cm. |
||
| 650 | _aGEN | ||
| 654 | _aCAN | ||
| 942 |
_cLIB _dJUS _fJUS _2ddc _n |
||
| 999 |
_c7756 _d7756 |
||